Reverse Dictionary #81 - Statistics

General Stats
  • This quiz has been taken 29 times
  • The average score is 15 of 25
Answer Stats
Definition First
Letter
Word % Correct
1. Transparent in color.2. Free of obstacles. 3. Without clouds. C Clear
100%
To touch with the lips or press the lips against, usually to show love or affection or passion, or as part of a greeting. K Kiss
92%
A chamber used for baking or heating. O Oven
88%
Incorrect or untrue. W Wrong
88%
Very swift or quick. R Rapid
81%
In a state between dry and wet; moderately wet; moist. D Damp
77%
1. A quantity of matter cohering together so as to make one body, or an aggregation of particles or things which collectively make one body or quantity, usually of considerable size.2. A large body of individuals, especially persons. M Mass
77%
Rock that is ground more finely than gravel, but is not as fine as silt, forming beaches and deserts and also used in construction. S Sand
77%
A narrow street or passageway, especially one through the middle of a block giving access to the rear of lots of buildings. A Alley
73%
Experiencing a sensation of whirling and of being giddy, unbalanced, or lightheaded. D Dizzy
73%
(nautical) A fixed structure attached to shore to which a vessel is secured when in port. D Dock
73%
Lacking the ability to cut easily; not sharp. D Dull
73%
1. To delete.2. To move from one place to another, especially to take away. R Remove
69%
1. To separate items into different categories according to certain criteria.2. To arrange into some sequence, usually numerically, alphabetically or chronologically. S Sort
65%
To provide a book or other publication with pictures, diagrams or other explanatory or decorative features. I Illustrate
58%
A penalty to address wrongdoing, especially for crime. P Punishment
58%
1. (v.) To cause intense and unexpected surprise, horror, etc.2. (n.) Something so surprising that it is stunning. S Shock
58%
Having or showing charming, pleasing qualities in movement, shape, or proportion. G Graceful
46%
Capable of functioning. W Workable
46%
To apply, enforce, or establish (something, often regarded as burdensome, as a restriction or tax) I Impose
42%
Of, or having to do with a particular discipline or branch of knowledge that is natural, measurable or consisting of systematic principles rather than intuition or technical skill. S Scientific
42%
To tend steadily upward or downward. S Slope
27%
Pleasant to the senses or the mind; pleasing, satisfying, palatable. A Agreeable
15%
Displeasing to the eye. Unattractive, ugly or unprepossessing. U Unsightly
15%
To lay or place; to put (one thing to another). A Apply
12%
No matching quizzes found
Score Distribution
Percent of People with Each Score
Percentile by Number Answered
Your Score History
You have not taken this quiz